| 000 | 01278caa a22002651ib4500 | ||
|---|---|---|---|
| 003 | SA-RiAUC | ||
| 005 | 20250501084056.0 | ||
| 008 | 241201s2006 ir g e f000 0 ara c | ||
| 040 |
_aIQ-KaIHL _bara _cSA-RiAUC. _erda |
||
| 050 | 4 | _b.M379 2006 | |
| 082 | 0 | 4 |
_a258.603 _qSA-RiAUC |
| 090 |
_a258.603 _bم ر ا |
||
| 100 | 1 |
_aالمراغي، يعقوب الجعفري _eمؤلف. |
|
| 245 | 1 | 0 |
_aموسوعة الوقف في الفقه الإسلامي / _cتأليف يعقوب الجعفري المراغي. |
| 264 |
_aطهران: _bالمعاونية الثقافية لمنظمة الأوقاف و الشؤون الخيرية، _c2006. |
||
| 300 |
_aمجلد ؛ _c24 سم |
||
| 336 |
_aنص _btxt _2rdacontent _3كتاب |
||
| 337 |
_aبدون وسيط _bn _2rdamedia |
||
| 338 |
_aمجلد _bnc _2rdacarrier |
||
| 500 | _aملاحظات من الشيخ الدكتور عبدالوهاب سليمان رحمه الله بداخل الكتاب | ||
| 580 | _aفي : موسوعة الوقف في الفقه الإسلامي. -ط. 1. -طهران : منظمة الأوقاف والشؤون الخيرية، [2006]. -مج. 1. | ||
| 650 | 7 |
_aالوقف (فقه شيعي) _vدوائر معارف _2aucsh |
|
| 942 |
_2ddc _cBOOK |
||
| 949 |
_aSA-JeALM _d241201 _ukhaled123 _n1 |
||
| 999 |
_c2878 _d2878 |
||